000 00484nam a2200121Ia 4500
008 170221s9999 xx 000 0 und d
100 _aZilan Cen
245 _aPreference in Presentation or Impression Management: A Comparison Study between Chairmen’s Statements of the Most and Least Profitable Australian Companies
245 _cZilan Cen and Rongchang Cai
260 _c2012
650 _xBusiness
856 _uhttp://ro.uow.edu.au/cgi/viewcontent.cgi?article=1488&context=aabfj
999 _c309680
_d309680